| 000 | 00969nam a2200265 i 4500 | ||
|---|---|---|---|
| 999 |
_c200443653 _d61865 |
||
| 003 | TR-AnTOB | ||
| 005 | 20220331085946.0 | ||
| 008 | 210920s1993 tu d 100 0 tur d | ||
| 040 |
_aTR-AnTOB _beng _erda _cTR-AnTOB |
||
| 041 | 0 | _atur | |
| 050 | 4 |
_aHD9506.T82 _bT87 1993 |
|
| 090 |
_aHD9506.T82 _bT87 1993 |
||
| 245 | 1 | 0 |
_aTürkiye 2. madencilik şurası : _b20-22 Ekim 1993, Ankara : madencilikte özelleştirme komisyon raporu. |
| 246 | _aMadencilikte özelleştirme komisyon raporu. | ||
| 264 | 1 |
_aAnkara : _bT.C. Enerji ve Tabii Kaynaklar Bakanlığı, _c1993. |
|
| 300 |
_a105 pages : _btables ; _c24 cm |
||
| 336 |
_atext _btxt _2rdacontent |
||
| 337 |
_aunmediated _bn _2rdamedia |
||
| 338 |
_avolume _bnc _2rdacarrier |
||
| 650 | 7 |
_aMadenler ve mineral kaynakları _zTürkiye _vKongreler _2etuturkob _9133695 |
|
| 650 | 7 |
_aÖzelleştirme _zTürkiye _vKongreler _2etuturkob _9105450 |
|
| 942 |
_2lcc _cBK |
||